[Event "Sigeman Chess 2019"]
[Site "Malmo SWE"]
[Date "2019.05.08"]
[Round "6"]
[White "Maghsoodloo, Parham"]
[Black "Saric, Ivan"]
[Result "1/2-1/2"]
[WhiteElo "2671"]
[BlackElo "2694"]
[PlyCount "108"]
[EventDate "2019.05.03"]

1. c4 c6 2. Nf3 d5 3. e3 Nf6 4. Nc3 e6 5. b3 Bd6 6. Bb2 O-O 7. d4 Nbd7 8. Be2
b6 9. O-O Bb7 10. Qc2 Qe7 11. Rad1 Rfe8 12. Rfe1 Rad8 13. g3 Bb4 14. a3 Bd6 15.
b4 dxc4 16. e4 e5 17. Bxc4 exd4 18. Nxd4 Ne5 19. Nf5 Nf3+ 20. Kh1 Qf8 21. Re3
Ne5 22. Ba2 Bb8 23. Rxd8 Rxd8 24. f4 Neg4 25. Re1 g6 26. Nh4 c5 27. Nf3 cxb4
28. axb4 Qxb4 29. Nd5 Nxd5 30. Bxd5 Bxd5 31. exd5 Qc5 32. Qxc5 bxc5 33. Kg2 Bd6
34. h3 Nh6 35. Bf6 Rc8 36. Ne5 Nf5 37. g4 Be7 38. Bxe7 Nxe7 39. d6 Nd5 40. Ra1
f6 41. Nc4 Nb6 42. Nd2 f5 43. Rxa7 Rd8 44. gxf5 gxf5 45. Nb3 c4 46. Nd4 Rxd6
47. Nxf5 Rf6 48. Ra5 c3 49. Rc5 Na4 50. Rc8+ Kf7 51. Ne3 Rxf4 52. Nd5 Rd4 53.
Nxc3 Rd2+ 54. Kg1 Nxc3 1/2-1/2

[Event "Sigeman Chess 2019"]
[Site "Malmo SWE"]
[Date "2019.05.08"]
[Round "6"]
[White "Grandelius, Nils"]
[Black "Nihal, Sarin"]
[Result "1-0"]
[WhiteElo "2688"]
[BlackElo "2598"]
[PlyCount "61"]
[EventDate "2019.05.03"]

1. e4 c5 2. Nf3 Nc6 3. Bb5 g6 4. O-O Bg7 5. Re1 Nf6 6. e5 Nd5 7. Nc3 Nc7 8.
Bxc6 dxc6 9. Ne4 b6 10. Nf6+ Kf8 11. Ne4 Bg4 12. d3 Ne6 13. Neg5 Nxg5 14. Bxg5
Qd5 15. Re4 Bxf3 16. Qxf3 Bxe5 17. Qe3 f6 18. Re1 Re8 19. Bh6+ Kg8 20. c3 Bd6
21. c4 Qh5 22. h4 Be5 23. Bg5 Bd4 24. Rxd4 fxg5 25. Rd7 Kg7 26. Rxe7+ Rxe7 27.
Qxe7+ Kh6 28. Re5 Qd1+ 29. Kh2 Qh5 30. Qxg5+ Qxg5 31. hxg5+ 1-0

[Event "Sigeman Chess 2019"]
[Site "Malmo SWE"]
[Date "2019.05.08"]
[Round "6"]
[White "Hillarp Persson, Tiger"]
[Black "Jones, Gawain C B"]
[Result "0-1"]
[WhiteElo "2563"]
[BlackElo "2702"]
[PlyCount "62"]
[EventDate "2019.05.03"]

1. c4 c5 2. Nc3 g6 3. g3 Bg7 4. Bg2 Nc6 5. Nf3 d6 6. O-O e6 7. a3 Nge7 8. Rb1
O-O 9. b4 b6 10. e3 Bb7 11. Qb3 Rb8 12. Bb2 Qd7 13. d3 h6 14. Rfe1 g5 15. Ne2
e5 16. Rbd1 Ng6 17. d4 g4 18. Nd2 exd4 19. exd4 cxd4 20. Ne4 Rbe8 21. Nxd4 Nxd4
22. Bxd4 Bxd4 23. Rxd4 f5 24. Rxd6 Qxd6 25. Nxd6 Rxe1+ 26. Bf1 Ne5 27. c5+ Kh7
28. f4 Nf3+ 29. Kf2 Rxf1+ 30. Ke3 Re1+ 31. Kf2 Re2+ 0-1

[Event "Sigeman Chess 2019"]
[Site "Malmo SWE"]
[Date "2019.05.09"]
[Round "7"]
[White "Jones, Gawain C B"]
[Black "Harikrishna, Pentala"]
[Result "1/2-1/2"]
[WhiteElo "2702"]
[BlackElo "2730"]
[PlyCount "41"]
[EventDate "2019.05.03"]

1. e4 e5 2. Nf3 Nc6 3. Bc4 Nf6 4. d3 Bc5 5. O-O d6 6. c3 a6 7. a4 Ba7 8. Be3
O-O 9. Nbd2 Ne7 10. Bxa7 Rxa7 11. Bb3 Ng6 12. d4 Ra8 13. Re1 h6 14. Nf1 b6 15.
Ng3 Bb7 16. Bc2 Re8 17. Qd2 Qd7 18. c4 a5 19. Rad1 Qe6 20. Qc3 c5 21. d5
1/2-1/2

[Event "Sigeman Chess 2019"]
[Site "Malmo SWE"]
[Date "2019.05.09"]
[Round "7"]
[White "Nisipeanu, Liviu-Dieter"]
[Black "Maghsoodloo, Parham"]
[Result "1/2-1/2"]
[WhiteElo "2667"]
[BlackElo "2671"]
[PlyCount "98"]
[EventDate "2019.05.03"]

1. e4 Nc6 2. Nf3 d6 3. d4 Nf6 4. Nc3 g6 5. h3 Bg7 6. Be3 O-O 7. Qd2 a6 8. d5
Na7 9. a4 c6 10. Be2 Bd7 11. O-O b5 12. dxc6 Bxc6 13. e5 b4 14. exf6 bxc3 15.
fxe7 cxd2 16. exd8=Q Rfxd8 17. Ra2 Be4 18. c3 Bd5 19. Ra3 a5 20. Nxd2 Rdb8 21.
Bc4 Be6 22. Bxe6 fxe6 23. Rb3 Rxb3 24. Nxb3 Nc6 25. Rd1 d5 26. Nd4 Nxd4 27.
Bxd4 Rb8 28. Bxg7 Kxg7 29. Rd2 Kf6 30. Kf1 Ke5 31. Ke2 g5 32. Kd3 Kd6 33. Kc2
e5 34. f3 h5 35. Rd1 Rf8 36. b4 g4 37. hxg4 hxg4 38. bxa5 gxf3 39. gxf3 Rxf3
40. a6 d4 41. cxd4 exd4 42. Rb1 Rf8 43. Kd3 Kc6 44. a5 Ra8 45. Rb6+ Kc5 46. Rh6
Kb5 47. Kxd4 Rxa6 48. Rxa6 Kxa6 49. Ke5 Kxa5 1/2-1/2

[Event "Sigeman Chess 2019"]
[Site "Malmo SWE"]
[Date "2019.05.09"]
[Round "7"]
[White "Saric, Ivan"]
[Black "Grandelius, Nils"]
[Result "1/2-1/2"]
[WhiteElo "2694"]
[BlackElo "2688"]
[PlyCount "117"]
[EventDate "2019.05.03"]

1. e4 e5 2. Nf3 Nc6 3. g3 Nf6 4. d3 d5 5. exd5 Nxd5 6. Bg2 g6 7. Nc3 Nde7 8.
O-O Bg7 9. Rb1 a5 10. a3 O-O 11. Re1 Nf5 12. b4 axb4 13. axb4 Re8 14. Ne4 Ncd4
15. Bb2 Nxf3+ 16. Qxf3 Nd4 17. Bxd4 Qxd4 18. h4 Qd8 19. h5 Rb8 20. h6 Bh8 21.
g4 Bxg4 22. Qxg4 f5 23. Qg3 fxe4 24. Rxe4 Bf6 25. Rbe1 Rf8 26. b5 Qd7 27. Rxe5
c6 28. Re6 Bd4 29. bxc6 bxc6 30. Bxc6 Qa7 31. R1e2 Qc5 32. Bf3 Kh8 33. Kg2 Rbc8
34. c4 Qf5 35. Rd6 Rcd8 36. Rxd8 Rxd8 37. Re4 Qf6 38. Qg4 Bc5 39. Rf4 Qb2 40.
Bd5 Bd6 41. d4 Qd2 42. Rf6 Bf8 43. Be6 Bxh6 44. d5 Bg7 45. Rf7 Rf8 46. Rxf8+
Bxf8 47. Qh4 Kg7 48. Qg3 Qd4 49. Qc7+ Kh6 50. Kg3 Bc5 51. Qf4+ Kg7 52. Qf7+ Kh6
53. Qf4+ Kg7 54. Qxd4+ Bxd4 55. f4 Bc5 56. Kf3 Kf6 57. Ke4 h6 58. Bh3 g5 59.
fxg5+ 1/2-1/2

[Event "Sigeman Chess 2019"]
[Site "Malmo SWE"]
[Date "2019.05.09"]
[Round "7"]
[White "Nihal, Sarin"]
[Black "Hillarp Persson, Tiger"]
[Result "1/2-1/2"]
[WhiteElo "2598"]
[BlackElo "2563"]
[PlyCount "80"]
[EventDate "2019.05.03"]

1. c4 c5 2. Nf3 Nf6 3. Nc3 Nc6 4. d4 cxd4 5. Nxd4 e6 6. g3 Qb6 7. Ndb5 Ne5 8.
Bg2 a6 9. Na4 Qa5+ 10. Nbc3 Nxc4 11. O-O d5 12. b3 Ne5 13. Bf4 Ng6 14. Be3 Bd7
15. a3 Bxa4 16. Nxa4 Be7 17. Nb6 Rd8 18. Qd3 Ne5 19. b4 Qb5 20. Qxb5+ axb5 21.
Rfc1 Nc4 22. Nxc4 bxc4 23. b5 Ra8 24. a4 Bb4 25. Bd4 O-O 26. e4 Rfd8 27. exd5
exd5 28. Ra2 Rd7 29. Bf3 Ba5 30. b6 Ra6 31. Rb2 h6 32. Rb5 Rd6 33. Bxf6 Rxf6
34. Bxd5 Bxb6 35. Rxc4 Bxf2+ 36. Kg2 b6 37. h4 g6 38. h5 gxh5 39. Bf3 Be3 40.
Bxh5 Ra5 1/2-1/2

[Event "Chinese League (Division A) 2019"]
[Site "China"]
[Date "2019.05.07"]
[Round "5"]
[White "Wang, Hao"]
[Black "Tong, Yan"]
[Result "1-0"]
[WhiteElo "2735"]
[BlackElo "1999"]
[PlyCount "81"]
[EventDate "2019.04.09"]
[WhiteTeam "Guangdong Shenzhen Longgang Chess team"]
[BlackTeam "Shandong Jingzhi team"]

1. e4 c5 2. Nf3 Nf6 3. Nc3 d5 4. Bb5+ Bd7 5. e5 Bxb5 6. Nxb5 a6 7. Nc3 Nfd7 8.
e6 fxe6 9. Qe2 Qb6 10. Ng5 d4 11. Nce4 Nc6 12. d3 Nb4 13. O-O Nd5 14. c4 N5f6
15. Nxf6+ exf6 16. Nxe6 Kf7 17. Nf4 Ne5 18. Nd5 Qd8 19. Re1 g6 20. f4 Nc6 21.
f5 Bd6 22. Qe6+ Kg7 23. Bg5 Rf8 24. Bxf6+ Rxf6 25. Nxf6 Qxf6 26. Qxf6+ Kxf6 27.
Re6+ Kxf5 28. Rxd6 Nb4 29. Rd1 Re8 30. a3 Nc2 31. Rd2 Ne1 32. Kf1 h5 33. b4 Re3
34. Re2 Rxe2 35. Kxe2 Nxg2 36. Rb6 cxb4 37. axb4 Nf4+ 38. Kd2 Kg4 39. Rxb7 Kh3
40. Rb6 Kxh2 41. Rxa6 1-0

[Event "Chinese League (Division A) 2019"]
[Site "China"]
[Date "2019.05.07"]
[Round "5"]
[White "Le, Quang Liem"]
[Black "Nie, Xinyang"]
[Result "0-1"]
[WhiteElo "2704"]
[BlackElo "2350"]
[PlyCount "84"]
[EventDate "2019.04.09"]
[WhiteTeam "Jiangsu team"]
[BlackTeam "Chongqing Jiulongpo Yucai Chess team"]

1. e4 d5 2. exd5 Qxd5 3. Nc3 Qa5 4. d4 c6 5. Bd2 Bf5 6. g4 Bg6 7. f4 e6 8. Qe2
Be7 9. O-O-O Na6 10. d5 cxd5 11. f5 exf5 12. gxf5 Bxf5 13. Qe5 Be6 14. Qxg7 Bf6
15. Qg3 Nb4 16. Bb5+ Kf8 17. Nge2 Rc8 18. Rhg1 Qxb5 19. Rdf1 Nxa2+ 20. Kb1
Nxc3+ 21. Nxc3 Qb6 22. Rg2 Qa6 23. Ne2 Ke8 24. Rgf2 Qc4 25. Bc3 Bxc3 26. Nxc3
Ne7 27. Rf4 Qc6 28. Qd3 Rg8 29. Qxh7 Kd7 30. h4 Kc7 31. Rxf7 Bxf7 32. Qxf7 Rce8
33. Re1 Kb8 34. h5 Nc8 35. Rf1 d4 36. Na2 Qd6 37. Rd1 Rgf8 38. Qg7 Rd8 39. Nc1
Qh2 40. h6 Rh8 41. Rxd4 Rxd4 42. Qxh8 Rh4 0-1

[Event "Chinese League (Division A) 2019"]
[Site "China"]
[Date "2019.05.07"]
[Round "5"]
[White "Lu, Shanglei"]
[Black "Jakovenko, Dmitry"]
[Result "1/2-1/2"]
[WhiteElo "2606"]
[BlackElo "2708"]
[PlyCount "61"]
[EventDate "2019.04.09"]
[WhiteTeam "Zhejiang team"]
[BlackTeam "Hangzhou Bank Team"]

1. e4 e5 2. Nf3 Nc6 3. Nc3 Nf6 4. a3 d5 5. Bb5 Nxe4 6. Qe2 Nxc3 7. Qxe5+ Qe7 8.
dxc3 Bd7 9. Qxe7+ Bxe7 10. Bf4 O-O-O 11. O-O-O a6 12. Bxc6 Bxc6 13. Rhe1 Rhe8
14. Ne5 Bd6 15. Bg3 Bxe5 16. Bxe5 f6 17. Bd4 Rxe1 18. Rxe1 Re8 19. Rxe8+ Bxe8
20. Kd2 Kd7 21. g3 Ke6 22. b4 g5 23. f3 h5 24. Ke3 Bg6 25. Kd2 g4 26. f4 Be4
27. a4 b5 28. axb5 axb5 29. Bc5 c6 30. Bd4 Bf5 31. Bc5 1/2-1/2

[Event "Chinese League (Division A) 2019"]
[Site "China"]
[Date "2019.05.07"]
[Round "5"]
[White "Yu, Yangyi"]
[Black "Li, Yankai"]
[Result "1-0"]
[WhiteElo "2739"]
[BlackElo "2430"]
[PlyCount "81"]
[EventDate "2019.04.09"]
[WhiteTeam "Beijing team"]
[BlackTeam "Zhihui Sports chess team of Tianjin"]

1. c4 e6 2. Nc3 d5 3. d4 Be7 4. cxd5 exd5 5. Bf4 Nf6 6. e3 Bf5 7. Qb3 Nc6 8.
Nf3 Na5 9. Qd1 c6 10. Be2 Qb6 11. Qc1 Nc4 12. Bxc4 dxc4 13. Bg5 h6 14. Bh4 Be6
15. O-O g5 16. Bg3 Rg8 17. b3 cxb3 18. axb3 h5 19. Nd2 h4 20. Be5 Nd7 21. Nc4
Bxc4 22. bxc4 Nxe5 23. dxe5 Qc5 24. Qb2 Rb8 25. Ne4 Qxc4 26. Nd6+ Bxd6 27. exd6
Qe6 28. Rfd1 f6 29. Rxa7 Rg7 30. Qb4 Rd7 31. h3 Rbd8 32. Rd4 Qf7 33. f4 gxf4
34. Rxf4 Qd5 35. Rxh4 Kf7 36. Rxb7 Qd3 37. Re4 c5 38. Re7+ Rxe7 39. Rxe7+ Kf8
40. Qg4 Qb1+ 41. Kh2 1-0

[Event "Chinese League (Division A) 2019"]
[Site "China"]
[Date "2019.05.07"]
[Round "5"]
[White "Zou, Chen"]
[Black "Grischuk, Alexander"]
[Result "1/2-1/2"]
[WhiteElo "2410"]
[BlackElo "2772"]
[PlyCount "65"]
[EventDate "2019.04.09"]
[WhiteTeam "Hangzhou Hongda team"]
[BlackTeam "China Mobil Shanghai Chess Club"]

1. Nf3 d5 2. d4 Bf5 3. e3 e6 4. c4 Nc6 5. a3 Nf6 6. Be2 dxc4 7. Bxc4 Bd6 8. O-O
O-O 9. Nc3 e5 10. dxe5 Nxe5 11. Nxe5 Bxe5 12. Qb3 Rb8 13. Qb5 Nd7 14. e4 c6 15.
Qb3 Nc5 16. Qc2 Be6 17. Bxe6 Nxe6 18. Be3 Qc7 19. g3 Rbd8 20. Rad1 Qa5 21. f4
Bd4 22. Bxd4 Nxd4 23. Qf2 Qb6 24. Kg2 Nb3 25. Qxb6 axb6 26. Rxd8 Rxd8 27. Rd1
Rxd1 28. Nxd1 f6 29. Kf2 Nd2 30. Nc3 Nc4 31. Nd1 Nd2 32. Nc3 Nc4 33. Nd1
1/2-1/2

[Event "Chinese League (Division A) 2019"]
[Site "China"]
[Date "2019.05.08"]
[Round "6"]
[White "Liu, Qingnan"]
[Black "Grischuk, Alexander"]
[Result "1/2-1/2"]
[WhiteElo "2548"]
[BlackElo "2772"]
[PlyCount "107"]
[EventDate "2019.04.09"]
[WhiteTeam "Shandong Jingzhi team"]
[BlackTeam "China Mobil Shanghai Chess Club"]

1. e4 c5 2. Nf3 Nc6 3. d4 cxd4 4. Nxd4 Nf6 5. Nc3 e5 6. Ndb5 d6 7. Bg5 a6 8.
Na3 b5 9. Nd5 Be7 10. Bxf6 Bxf6 11. c4 b4 12. Nc2 O-O 13. Be2 a5 14. O-O Bg5
15. Qd3 Be6 16. Rad1 g6 17. a3 Qb8 18. axb4 Bxd5 19. b5 Be6 20. bxc6 Rc8 21. b3
Rxc6 22. Qc3 Bd8 23. Ne3 Bb6 24. Nd5 Ra7 25. Qg3 Bxd5 26. Rxd5 Bc5 27. Bd1 Qb4
28. Qd3 Qa3 29. g4 Rb7 30. Qf3 a4 31. bxa4 Qxf3 32. Bxf3 Rb4 33. Rd2 Rxa4 34.
Be2 Rb6 35. Kg2 Kg7 36. Rc1 Rb7 37. Rcc2 Rba7 38. Rd3 Bd4 39. h4 h6 40. Rd1 Rb4
41. Rdd2 Rba4 42. Rd1 Kf6 43. Rb1 Ra3 44. c5 Ra2 45. Rbc1 dxc5 46. Bc4 R2a4 47.
Bd5 Rb4 48. Rh1 Ke7 49. g5 hxg5 50. hxg5 Kf8 51. Rh7 Kg8 52. Ra2 Rxa2 53. Rxf7
Rab2 54. Rf6+ 1/2-1/2

[Event "Chinese League (Division A) 2019"]
[Site "China"]
[Date "2019.05.08"]
[Round "6"]
[White "Jakovenko, Dmitry"]
[Black "Li, Chao b"]
[Result "1-0"]
[WhiteElo "2708"]
[BlackElo "2699"]
[PlyCount "145"]
[EventDate "2019.04.09"]
[WhiteTeam "Hangzhou Bank Team"]
[BlackTeam "Beijing team"]

1. e4 c5 2. Nf3 d6 3. d4 cxd4 4. Nxd4 Nf6 5. Nc3 g6 6. f3 Bg7 7. Be3 O-O 8. Qd2
Nc6 9. Bc4 Nxd4 10. Bxd4 Be6 11. Bb3 Qa5 12. O-O-O b5 13. Kb1 b4 14. Nd5 Bxd5
15. exd5 Qb5 16. Qd3 Qxd3 17. Rxd3 Nd7 18. Re1 Ne5 19. Rdd1 g5 20. c3 a5 21.
cxb4 axb4 22. h4 h6 23. hxg5 hxg5 24. Rh1 Bf6 25. Rh5 Kg7 26. Be3 Rh8 27. Rdh1
Rxh5 28. Rxh5 g4 29. fxg4 Nxg4 30. Bd2 Rb8 31. Rh3 Ne5 32. Re3 Bg5 33. Rg3 f6
34. Bxg5 fxg5 35. Rxg5+ Kf6 36. Rg3 Kf5 37. Re3 Kf4 38. Re2 Rb5 39. Kc2 Ra5 40.
Kd2 Ra8 41. Re3 Kf5 42. g3 Ra5 43. Ke2 Ra7 44. a3 bxa3 45. bxa3 Kf6 46. a4 Nd7
47. Re6+ Kf7 48. Re4 Kf6 49. Re6+ Kf7 50. Re3 Kf6 51. g4 Ra6 52. Re6+ Kg5 53.
Rxe7 Nc5 54. Bc2 Kxg4 55. Ke3 Kg5 56. Rg7+ Kf6 57. Rg6+ Ke7 58. Rg4 Rb6 59. Kd2
Kd8 60. Kc3 Kc7 61. Rb4 Nb7 62. Rxb6 Kxb6 63. Kb4 Ka6 64. Bf5 Kb6 65. Bc8 Nc5
66. a5+ Kc7 67. Bg4 Kb7 68. Kb5 Ne4 69. a6+ Kc7 70. Ka5 Nc5 71. Bd1 Nd7 72. Ba4
Nb6 73. a7 1-0

[Event "Chinese League (Division A) 2019"]
[Site "China"]
[Date "2019.05.08"]
[Round "6"]
[White "Andreikin, Dmitry"]
[Black "Lu, Shanglei"]
[Result "1-0"]
[WhiteElo "2722"]
[BlackElo "2606"]
[PlyCount "113"]
[EventDate "2019.04.09"]
[WhiteTeam "Chongqing Sports lottery chess team"]
[BlackTeam "Zhejiang team"]

1. e4 e6 2. d4 d5 3. Nc3 dxe4 4. Nxe4 Nd7 5. Nf3 Ngf6 6. Nxf6+ Nxf6 7. g3 b6 8.
Bb5+ Bd7 9. Be2 Bc6 10. O-O Bd6 11. Ne5 Bxe5 12. dxe5 Qd5 13. Qxd5 Nxd5 14. Bd2
O-O-O 15. Rfd1 Rd7 16. f3 Ne7 17. Kf2 Rhd8 18. Bg5 Rxd1 19. Bxd1 Rd7 20. Bxe7
Rxe7 21. Ke3 Rd7 22. f4 Kd8 23. Be2 Ke7 24. b4 Rd8 25. b5 Be8 26. a4 f6 27. c4
fxe5 28. fxe5 c6 29. bxc6 Bxc6 30. a5 Rb8 31. axb6 axb6 32. Ra6 Kd7 33. Ra7+
Rb7 34. Ra8 Bg2 35. Bg4 Ke7 36. Rg8 Kf7 37. Rd8 b5 38. Rd2 Bh1 39. Rd6 bxc4 40.
Bxe6+ Ke7 41. Bxc4 Bg2 42. Re6+ Kd7 43. Ra6 Bh3 44. Bd5 Rc7 45. e6+ Ke7 46. Kd4
Kf6 47. Ra2 h5 48. Rf2+ Bf5 49. h3 Kg5 50. Ke5 Bxh3 51. Rf7 Rc3 52. e7 Bd7 53.
Rxg7+ Kh6 54. Kf6 h4 55. Rg8 Kh7 56. Rd8 Bc6 57. Be4+ 1-0

[Event "Chinese League (Division A) 2019"]
[Site "China"]
[Date "2019.05.08"]
[Round "6"]
[White "Wang, Hao"]
[Black "Le, Quang Liem"]
[Result "1/2-1/2"]
[WhiteElo "2735"]
[BlackElo "2704"]
[PlyCount "62"]
[EventDate "2019.04.09"]
[WhiteTeam "Guangdong Shenzhen Longgang Chess team"]
[BlackTeam "Jiangsu team"]

1. e4 e5 2. Nf3 Nc6 3. Bb5 Nf6 4. d3 Bc5 5. c3 O-O 6. Bxc6 bxc6 7. Nxe5 d5 8.
d4 Bb6 9. O-O Nxe4 10. Nxc6 Qd6 11. Nb4 c5 12. dxc5 Bxc5 13. Be3 Bxe3 14. fxe3
Rd8 15. Nd2 Nf6 16. Nb3 a5 17. Nd3 Re8 18. Qf3 Qb6 19. Nd4 Ba6 20. Rad1 Bxd3
21. Rxd3 Qxb2 22. Nf5 Ra6 23. Qf4 Qxa2 24. e4 Rxe4 25. Qb8+ Re8 26. Qb7 Qc4 27.
Rg3 g6 28. Nh6+ Kg7 29. Qxf7+ Kxh6 30. Rh3+ Kg5 31. Rg3+ Kh6 1/2-1/2

[Event "Chinese League (Division A) 2019"]
[Site "China"]
[Date "2019.05.09"]
[Round "7"]
[White "Le, Quang Liem"]
[Black "Zhao, Jun"]
[Result "1/2-1/2"]
[WhiteElo "2704"]
[BlackElo "2621"]
[PlyCount "129"]
[EventDate "2019.04.09"]
[WhiteTeam "Jiangsu team"]
[BlackTeam "Shandong Jingzhi team"]

1. c4 Nf6 2. Nc3 e5 3. Nf3 Nc6 4. e3 Be7 5. d4 exd4 6. exd4 d5 7. cxd5 Nxd5 8.
Bd3 Bg4 9. O-O Nb6 10. h3 Bh5 11. Re1 O-O 12. Be3 Nb4 13. Bb1 c6 14. a3 N4d5
15. Ba2 Nxc3 16. bxc3 Bxa3 17. g4 Bg6 18. Bg5 Qc7 19. Ne5 Bb2 20. Nxg6 hxg6 21.
Re7 Qd6 22. Rb1 Bxc3 23. Qf3 Nd5 24. Rbxb7 Bxd4 25. Rbd7 Qb4 26. Rxf7 Rxf7 27.
Rxf7 Qa5 28. Bb3 Rb8 29. Kg2 Qc3 30. Qxc3 Bxc3 31. Bxd5 cxd5 32. Rxa7 Bd4 33.
Ra5 Bf6 34. Rxd5 Bxg5 35. Rxg5 Kh7 36. Re5 Rb3 37. h4 Ra3 38. Re3 Ra4 39. Kg3
Rb4 40. f3 Ra4 41. Re4 Ra5 42. Kf4 Rb5 43. Re5 Rb3 44. Re6 Ra3 45. Re3 Ra5 46.
Re1 Ra3 47. g5 Ra4+ 48. Kg3 Rb4 49. f4 Ra4 50. Kg4 Ra2 51. h5 gxh5+ 52. Kxh5
g6+ 53. Kg4 Ra7 54. Kf3 Kg7 55. Rd1 Re7 56. Rd6 Kf7 57. Rc6 Kg7 58. Rf6 Re8 59.
Ra6 Re7 60. Ra5 Kf7 61. Re5 Ra7 62. Rc5 Re7 63. Rd5 Kg7 64. Re5 Ra7 65. Rd5
1/2-1/2

[Event "Chinese League (Division A) 2019"]
[Site "China"]
[Date "2019.05.09"]
[Round "7"]
[White "Liu, Guanchu"]
[Black "Wang, Hao"]
[Result "0-1"]
[WhiteElo "2464"]
[BlackElo "2735"]
[PlyCount "70"]
[EventDate "2019.04.09"]
[WhiteTeam "Chengdu Beilei Youth Chess Club"]
[BlackTeam "Guangdong Shenzhen Longgang Chess team"]

1. e4 c5 2. Nf3 Nc6 3. d4 cxd4 4. Nxd4 e6 5. Nc3 Qc7 6. g3 a6 7. Bg2 d6 8. O-O
Bd7 9. b3 Nxd4 10. Qxd4 Be7 11. Bb2 Nf6 12. Rac1 O-O 13. Ne2 e5 14. Qd3 b5 15.
Rfd1 Qb6 16. h3 Rac8 17. Nc3 b4 18. Na4 Qb7 19. c3 a5 20. Qe3 Bxa4 21. bxa4 b3
22. Ra1 bxa2 23. Rxa2 Qb3 24. Rda1 Rc4 25. Qa7 Bd8 26. Qa6 Bb6 27. Ra3 Qxb2 28.
Qxc4 Qxf2+ 29. Kh2 Nh5 30. Qd3 Be3 31. c4 Qxg3+ 32. Kh1 Nf4 33. Qf1 Rb8 34. Qf3
Qxf3 35. Bxf3 Bc5 0-1

[Event "Chinese League (Division A) 2019"]
[Site "China"]
[Date "2019.05.09"]
[Round "7"]
[White "Dzagnidze, Nana"]
[Black "Li, Yunshan"]
[Result "1-0"]
[WhiteElo "2510"]
[BlackElo "2259"]
[PlyCount "83"]
[EventDate "2019.04.09"]
[WhiteTeam "Guangdong Shenzhen Longgang Chess team"]
[BlackTeam "Chengdu Beilei Youth Chess Club"]

1. Nf3 Nf6 2. b3 c5 3. Bb2 Nc6 4. e3 g6 5. Bxf6 exf6 6. c4 d5 7. cxd5 Qxd5 8.
Nc3 Qd8 9. Rc1 Be7 10. Bb5 Bd7 11. O-O O-O 12. Nd5 a6 13. Nxe7+ Qxe7 14. Bxc6
Bxc6 15. d4 Bxf3 16. Qxf3 cxd4 17. exd4 Rac8 18. g3 Rfd8 19. Rxc8 Rxc8 20. Rd1
Kg7 21. d5 Qd6 22. g4 Re8 23. Kg2 Re5 24. Qf4 Re6 25. Kf3 Re5 26. Kg2 Re6 27.
Qxd6 Rxd6 28. Kf3 Kf8 29. Ke4 Ke7 30. Kd4 Rb6 31. Kc4 g5 32. Re1+ Kd7 33. f4
gxf4 34. Rf1 f5 35. Rxf4 Rg6 36. Rxf5 Kd6 37. g5 Kd7 38. Rxf7+ Ke8 39. Rxb7 h6
40. gxh6 Rxh6 41. Ra7 Kd8 42. Kc5 1-0

[Event "Chinese League (Division A) 2019"]
[Site "China"]
[Date "2019.05.09"]
[Round "7"]
[White "Wang, Yiye"]
[Black "Andreikin, Dmitry"]
[Result "0-1"]
[WhiteElo "2438"]
[BlackElo "2722"]
[PlyCount "72"]
[EventDate "2019.04.09"]
[WhiteTeam "Beijing team"]
[BlackTeam "Chongqing Sports lottery chess team"]

1. e4 c5 2. Nf3 Nc6 3. Bb5 Nf6 4. Nc3 g6 5. Bxc6 dxc6 6. d3 Bg4 7. h3 Bxf3 8.
Qxf3 Nd7 9. Bd2 Bg7 10. Nd1 Nf8 11. Bc3 e5 12. Qg3 Qc7 13. Ne3 Ne6 14. Nf5 Bf6
15. Nh6 Bg7 16. Nf5 Bf6 17. Nh6 Nf4 18. Qg4 Qe7 19. Qf3 Bg7 20. Ng4 h5 21. Ne3
Ne6 22. a3 Nd4 23. Qd1 f5 24. exf5 gxf5 25. O-O Qg5 26. Bxd4 cxd4 27. Nc4 O-O-O
28. f4 exf4 29. Qd2 Bh6 30. Qa5 Rhg8 31. Rf2 Kb8 32. Qe5+ Ka8 33. Re1 f3 34.
Nd6 Qh4 35. Nxf5 Qxh3 36. g3 Be3 0-1

[Event "Chinese League (Division A) 2019"]
[Site "China"]
[Date "2019.05.09"]
[Round "7"]
[White "Yu, Yangyi"]
[Black "Zeng, Chongsheng"]
[Result "1/2-1/2"]
[WhiteElo "2739"]
[BlackElo "2559"]
[PlyCount "60"]
[EventDate "2019.04.09"]
[WhiteTeam "Beijing team"]
[BlackTeam "Chongqing Sports lottery chess team"]

1. c4 Nf6 2. Nc3 d5 3. cxd5 Nxd5 4. g3 g6 5. Bg2 Nxc3 6. bxc3 Bg7 7. Rb1 Nc6 8.
Nf3 O-O 9. O-O b6 10. d3 Bb7 11. c4 Qd7 12. Bb2 Rad8 13. Bxg7 Kxg7 14. Rb5 f6
15. Qc1 Na5 16. Qa3 Bc6 17. Rbb1 e5 18. Nd2 h5 19. h4 Bxg2 20. Kxg2 c5 21. Qb2
Nc6 22. Rbd1 Nd4 23. e3 Qc6+ 24. Ne4 f5 25. exd4 Rxd4 26. f3 fxe4 27. fxe4 Rf6
28. Rxf6 Qxf6 29. Rf1 Qe7 30. Rf3 Rd6 1/2-1/2

[Event "Chinese League (Division A) 2019"]
[Site "China"]
[Date "2019.05.09"]
[Round "7"]
[White "Lin, Yi"]
[Black "Jakovenko, Dmitry"]
[Result "1/2-1/2"]
[WhiteElo "2389"]
[BlackElo "2708"]
[PlyCount "97"]
[EventDate "2019.04.09"]
[WhiteTeam "Hangzhou Hongda team"]
[BlackTeam "Hangzhou Bank Team"]

1. d4 d6 2. Nf3 g6 3. c4 Bg7 4. Nc3 Nc6 5. d5 Ne5 6. Nxe5 Bxe5 7. e4 Nf6 8. Bd3
O-O 9. O-O e6 10. h3 exd5 11. exd5 Nd7 12. Bh6 Re8 13. Qd2 Nc5 14. Bg5 Bf6 15.
Bxf6 Qxf6 16. Rfe1 Bd7 17. Bc2 a5 18. Rxe8+ Rxe8 19. Re1 Rxe1+ 20. Qxe1 Qd4 21.
b3 h5 22. Qe3 Qxe3 23. fxe3 h4 24. Kf2 Kg7 25. Ne2 f5 26. Nd4 Kf6 27. g3 hxg3+
28. Kxg3 c6 29. dxc6 Bxc6 30. Nxc6 bxc6 31. h4 Ne6 32. a3 c5 33. Bd3 Ke5 34.
Kf3 Nd8 35. Bb1 Nf7 36. Bc2 g5 37. hxg5 Nxg5+ 38. Ke2 f4 39. exf4+ Kxf4 40. Kd2
Nf3+ 41. Kc3 Nd4 42. b4 axb4+ 43. axb4 Nxc2 44. Kxc2 cxb4 45. Kb3 Ke5 46. Kxb4
Kd4 47. Kb5 Kc3 48. Kc6 Kxc4 49. Kxd6 1/2-1/2

[Event "Chinese League (Division A) 2019"]
[Site "China"]
[Date "2019.05.09"]
[Round "7"]
[White "Grischuk, Alexander"]
[Black "Dai, Changren"]
[Result "1-0"]
[WhiteElo "2772"]
[BlackElo "2483"]
[PlyCount "57"]
[EventDate "2019.04.09"]
[WhiteTeam "China Mobil Shanghai Chess Club"]
[BlackTeam "Zhihui Sports chess team of Tianjin"]

1. Nf3 Nf6 2. g3 b5 3. Bg2 Bb7 4. O-O e6 5. d3 Be7 6. e4 O-O 7. Re1 d6 8. a4 b4
9. a5 c5 10. Nbd2 Nbd7 11. Nc4 d5 12. a6 Bc6 13. Nce5 Rc8 14. Nxc6 Rxc6 15. c3
bxc3 16. bxc3 Qc8 17. e5 Ne8 18. c4 Nc7 19. Ng5 Bxg5 20. Bxg5 Re8 21. Qg4 Nf8
22. h4 Kh8 23. h5 Rxa6 24. Bf6 gxf6 25. exf6 Ng6 26. Rxa6 Qxa6 27. hxg6 fxg6
28. f7 Rf8 29. Qf4 1-0

[Event "Capablanca Memorial 2019"]
[Site "Havana CUB"]
[Date "2019.05.07"]
[Round "5"]
[White "Albornoz Cabrera, Carlos Daniel"]
[Black "Anton Guijarro, David"]
[Result "1/2-1/2"]
[WhiteElo "2566"]
[BlackElo "2667"]
[PlyCount "32"]
[EventDate "2019.05.03"]

1. e4 e5 2. Nf3 Nc6 3. Bb5 a6 4. Ba4 d6 5. c3 f5 6. exf5 Bxf5 7. O-O Bd3 8. Qb3
b5 9. Qd5 Nd4 10. cxd4 Ne7 11. Qe6 Bxf1 12. Bb3 Bc4 13. Bxc4 bxc4 14. Ng5 exd4
15. Qf7+ Kd7 16. Qe6+ Ke8 1/2-1/2

[Event "Capablanca Memorial 2019"]
[Site "Havana CUB"]
[Date "2019.05.07"]
[Round "5"]
[White "Sevian, Samuel"]
[Black "Gonzalez Vidal, Yuri"]
[Result "1/2-1/2"]
[WhiteElo "2666"]
[BlackElo "2567"]
[PlyCount "78"]
[EventDate "2019.05.03"]

1. e4 e5 2. Nf3 Nc6 3. Bb5 a6 4. Ba4 Nf6 5. O-O Be7 6. Re1 b5 7. Bb3 d6 8. c3
O-O 9. h3 Bb7 10. d4 Re8 11. Nbd2 Bf8 12. a3 h6 13. Bc2 Nb8 14. b4 Nbd7 15. Bb2
a5 16. Bd3 c6 17. Rc1 Rc8 18. dxe5 dxe5 19. Nb3 axb4 20. cxb4 Qb6 21. Qe2 c5
22. bxc5 Nxc5 23. Nxc5 Rxc5 24. Rxc5 Bxc5 25. Rb1 Bd6 26. Bxb5 Bxe4 27. Bxe8
Bxb1 28. Qb5 Qd8 29. Bc6 e4 30. Ne1 Bd3 31. Qf5 Qc7 32. Ba4 Qc4 33. Bd1 Nd5 34.
Qg4 Nc3 35. Nxd3 Qxd3 36. Bxc3 Qxc3 37. Qxe4 Qxa3 38. Qe8+ Bf8 39. Qe2 Qe7
1/2-1/2